000 00665nam a22002417a 4500
003 CHAP
005 20220329134814.0
008 971013s r 00010 d
010 _a26234
011 _a27206
035 _a31307
040 _cCHAP
090 _aR-1897
100 0 0 _aBussell, W. T.
_916356
245 _aNew dwarf tomatoes assessed
500 _aSobretiro de : N. Z. Commercial Grower 33 (10) : 28, 1977
590 _aBATCH-UPD
_b10
_c20130110
_lUCH01
_h2048
590 _aCONVERSION
_b10
_c20130109
_lUCH01
_h1315
650 1 4 _aTomate
_xVariedades.
_9113777
901 _aBK
942 _cREIMP
949 _aR-1897
_bBC
_cR
_d-72344
_eTS1
_i31307
_si
999 _c26234
_d26234